000 00261nam a2200109Ia 4500
008 200302s9999 xx 000 0 und d
100 _aBarbara Mayer
245 _aIn the Arts & Crafts Style
260 _bChronicle Books Ltd.
260 _c1993
300 _a134 P.,
999 _c1017
_d1017